000
00297nam a2200145Ia 4500
100
_a
Kanetkar/ Y.
942
_c
BK
654
_a
Let Us 'C'
245
_a
Let us C
260
_b
B.P.B.Publications
_a
New Delhi
_c
1999
082
_a
5.133
_b
KAN
300
_a
772
546
_a
ENGLISH
999
_c
25921
_d
25921